3ds max 7 (Запись № 1181130)

Подробности
000 -МАРКЕР
контрольное поле 01213nam0a2200313 4500
001 - ИДЕНТИФИКАТОР ЗАПИСИ
контрольное поле RU\NLR\bibl\811938
005 - ИДЕНТИФИКАТОР ВЕРСИИ
контрольное поле 20260405144118.0
010 ## - МЕЖДУНАРОДНЫЙ СТАНДАРТНЫЙ НОМЕР КНИГИ (ISBN)
Номер (ISBN) 5-469-00768-5
Тираж 4500
021 ## - НОМЕР ГОСУДАРСТВЕННОЙ РЕГИСТРАЦИИ
Код страны Российская Федерация
Номер 2005-16763
Номер Листа государственной регистраци 855
035 ## - ДРУГИЕ СИСТЕМНЫЕ НОМЕРА
Идентификатор записи (NLR Aleph) 000800996
100 ## - ДАННЫЕ ОБЩЕЙ ОБРАБОТКИ
Данные общей обработки 20050622d2005 |||y0rusy50 ca
101 0# - ЯЗЫК РЕСУРСА
Язык текста, звукозаписи и т.д. русский
102 ## - СТРАНА ПУБЛИКАЦИИ ИЛИ ПРОИЗВОДСТВА
Страна публикации Российская Федерация
105 ## - ПОЛЕ КОДИРОВАННЫХ ДАННЫХ: ТЕКСТОВЫЕ МАТЕРИАЛЫ, МОНОГРАФИЧЕСКИЕ
Кодированные данные о монографическом текстовом документе a |||||||||
200 1# - ЗАГЛАВИЕ И СВЕДЕНИЯ ОБ ОТВЕТСТВЕННОСТИ
Основное заглавие 3ds max 7
Первые сведения об ответственности С. Бондаренко, М. Бондаренко
210 ## - ПУБЛИКАЦИЯ, РАСПРОСТРАНЕНИЕ И ДР.
Место издания, распространения и т.д. Санкт-Петербург и др.
Имя издателя, распространителя и т. д. Питер
-- Питер Принт
Дата издания, распространения и т.д. 2005
215 ## - ФИЗИЧЕСКАЯ ХАРАКТЕРИСТИКА
Специфическое обозначение материала и объем 572 с.
Другие сведения о физической характеристике ил.
Размеры 24
Сопроводительный материал [1] электрон. опт. диск (CD)
225 1# - СЕРИЯ
Основное заглавие серии Трюки & эффекты
606 1# - НАИМЕНОВАНИЕ ТЕМЫ КАК ПРЕДМЕТ
Наименование темы 3D STUDIO MAX 7.0, графический редактор
Системный номер авторитетной/нормативной записи 2382164
Идентификатор авторитетной/нормативной записи RU\NLR\auth\661421207
686 ## - ИНДЕКСЫ ДРУГИХ КЛАССИФИКАЦИЙ
Индекс З973.23-044.4
700 #1 - ИМЯ ЛИЦА - ПЕРВИЧНАЯ ОТВЕТСТВЕННОСТЬ
Код отношения Автор
Материалы, к которым относится поле rus
Графика поля Кириллица
Начальный элемент ввода Бондаренко
Часть имени, кроме начального элемента ввода С. В.
Расширение инициалов личного имени Сергей Валерьевич
Идентификатор авторитетной/нормативной записи RU\NLR\auth\7759750
Системный номер авторитетной/нормативной записи 42681
701 #1 - ИМЯ ЛИЦА - АЛЬТЕРНАТИВНАЯ ОТВЕТСТВЕННОСТЬ
Код отношения Автор
Материалы, к которым относится поле rus
Графика поля Кириллица
Начальный элемент ввода Бондаренко
Часть имени, кроме начального элемента ввода М. Ю.
Расширение инициалов личного имени Марина Юрьевна
Идентификатор авторитетной/нормативной записи RU\NLR\auth\7759751
Системный номер авторитетной/нормативной записи 42682
801 #0 - ИСТОЧНИК ЗАПИСИ
Страна Российская Федерация
Организация NLR
Дата составления 20050622
Правила каталогизации rcr
801 #1 - ИСТОЧНИК ЗАПИСИ
Страна Российская Федерация
Организация NLR
Дата составления 20050622
942 ## - ДОПОЛНИТЕЛЬНЫЕ ЭЛЕМЕНТЫ ЗАПИСИ (АБИС)
Тип экземпляра АБИС Книга
980 ## - КОЛЛЕКЦИЯ
Название коллекции Национальная библиография
Экземпляры
Тип экземпляра Дата поступления Источник поступления Библиотека постоянного хранения Библиотека текущего хранения Место хранения Шифр хранения Штрих-код Статус экземпляра Стоимость
Книга 22.06.2005 Обязательный экземпляр РНБ (Московский) РНБ (Московский) Русский книжный фонд: издания с 1957 года 2005-7/3098 943010    
Книга 22.06.2005 Обязательный экземпляр РНБ (Московский) РНБ (Московский) Русский книжный фонд: издания с 1957 года 2005-7/3098 943011    
Книга 03.12.2005 Покупка РНБ (Московский) РНБ (Московский) Фонд научного зала литературы по технике Т2 З973.23-044.4/Б-811 1-288454   253.00
Книга 03.12.2005 Покупка РНБ (Московский) РНБ (Московский) Фонд общего зала литературы по технике Т1 З973.23-018.3/Б-811 1-364659   253.00
Книга 13.10.2006 Покупка РНБ (Московский) РНБ (Московский) Выбыл из РНБ в другие организации (Обменный фонд)   2279525   253.00
Книга 03.12.2005 Покупка РНБ (Фонтанка) РНБ (Фонтанка) Юношеский читальный зал Ю З973.23-044.4/Б-81 1-348339   253.00